000 00313nam a2200133Ia 4500
005 20251222151317.0
008 251222s9999||||xx |||||||||||||| ||spa||
082 _a617/F43
100 _aFerrández Portal, Luis
245 0 _aFracturas en el Anciano
250 _a1ra.ed.
264 _bEGRAF, S.A.
942 _cLIB
999 _c23570
_d23570